| 000 | 00359nam a2200133Ia 4500 | ||
|---|---|---|---|
| 008 | 240719s9999 xx 000 0 und d | ||
| 041 | _aeng | ||
| 082 | _a823 DES | ||
| 100 | _aDesai, Ranjit | ||
| 245 | _aKarna: The Great Warrior | ||
| 260 |
_aHaryana _bHarper Perennial _c2019 |
||
| 300 | _a253 P.; 20 Cm. | ||
| 520 | _aFaculty Purchase For LRC/ Prof. J Sharma | ||
| 999 |
_c41178 _d41178 |
||